LEADER 00767nam0-2200301 --450 001 9910272860503321 005 20180619103954.0 010 $a978-88-7180-764-5 100 $a20180619d2008----kmuy0itay5050 ba 101 0 $aita 102 $aIT 105 $a 001yy 200 1 $aProprietà e libertà$fRichard Pipes 210 $aTorino$cLindau$d2008 215 $a514 p.$d21 cm 225 1 $aBiblioteca 300 $aTrad. di Lucilla Congiu 610 0 $aLibertà 610 0 $aProprietà 676 $a323.46$v21 700 1$aPipes,$bRichard$0211067 801 0$aIT$bUNINA$gREICAT$2UNIMARC 901 $aBK 912 $a9910272860503321 952 $aSE123.04.21$fDECSE 959 $aDECSE 996 $aProprietà e libertà$91225504 997 $aUNINA LEADER 01994oas 2200757 a 450 001 9910145770103321 005 20251105213014.0 011 $a1879-2332 035 $a(DE-599)ZDB1478710-6 035 $a(DE-599)1478710-6 035 $a(OCoLC)38840689 035 $a(CONSER) 2003233120 035 $a(CKB)954925484683 035 $a(EXLCZ)99954925484683 100 $a19980324a19849999 sy a 101 0 $aeng 135 $aurmnu|||||||| 181 $ctxt$2rdacontent 182 $cc$2rdamedia 183 $acr$2rdacarrier 200 10$aComputer aided geometric design 210 $a[Amsterdam] $cNorth-Holland 300 $aRefereed/Peer-reviewed 311 08$a0167-8396 531 0 $aComput. aided geom. des. 606 $aGeometrical drawing$vPeriodicals 606 $aComputer graphics$vPeriodicals 606 $aComputer graphics$vPeriodicals 606 $aDessin ge?ome?trique$vPe?riodiques 606 $aInfographie$xPe?riodiques 606 $aInfographie$vPe?riodiques 606 $aComputer graphics$2fast$3(OCoLC)fst00872119 606 $aGeometrical drawing$2fast$3(OCoLC)fst00940844 608 $aPeriodicals.$2fast 615 0$aGeometrical drawing 615 0$aComputer graphics 615 0$aComputer graphics 615 6$aDessin ge?ome?trique 615 6$aInfographie$xPe?riodiques. 615 6$aInfographie 615 7$aComputer graphics. 615 7$aGeometrical drawing. 801 0$bOH1 801 1$bOH1 801 2$bOCL 801 2$bOCLCQ 801 2$bGUA 801 2$bOCLCQ 801 2$bU9S 801 2$bCIT 801 2$bGUA 801 2$bOCLCQ 801 2$bOCLCF 801 2$bOCLCO 801 2$bVT2 801 2$bOCLCQ 801 2$bUKMGB 801 2$bOCLCA 801 2$bOCLCO 801 2$bOCLCQ 801 2$bUAB 801 2$bOCLCQ 906 $aJOURNAL 912 $a9910145770103321 996 $aComputer aided geometric design$9382853 997 $aUNINA